[Event "TUR-ch U20"]
[Site "Samsun"]
[Date "2023.05.19"]
[Round "1"]
[White "Demirbas, Emre"]
[Black "Oksuzomer, Enes"]
[Result "1-0"]
[WhiteElo "2013"]
[BlackElo "1273"]
[PlyCount "101"]
[EventDate "2023.05.19"]
[EventType "swiss"]
[EventRounds "9"]
[EventCountry "TUR"]
[SourceTitle "CBM 214 Extra"]
[Source "ChessBase"]
[SourceDate "2023.07.31"]
[SourceVersion "1"]
[SourceVersionDate "2023.07.31"]
[SourceQuality "1"]

1. Nf3 d5 2. c4 c6 3. b3 Nf6 4. Bb2 Bf5 5. g3 Nbd7 6. Bg2 Qb6 7. d3 e6 8. 0-0 h6 9. a3 a5 10. Nbd2 Bd6 11. cxd5 cxd5 12. e4 Bg4 13. Re1 dxe4 14. Nc4 Qa6 15. dxe4 Be7 16. e5 Nd5 17. Qd4 Bxf3 18. Bxf3 Bc5 19. Qg4 0-0 20. Bxd5 exd5 21. Nd6 f5 22. Nxf5 Bxf2+ 23. Kg2 Rxf5 24. Qxf5 Bxe1 25. Rxe1 Qc6 26. e6 Rf8 27. exd7 Rxf5 28. d8Q+ Rf8 29. Qe7 d4+ 30. Qe4 d3 31. Qxc6 bxc6 32. Rd1 Re8 33. Rd2 c5 34. a4 Rb8 35. Rxd3 c4 36. Rd7 Rxb3 37. Bxg7 Ra3 38. Bxh6 Rxa4 39. Rg7+ Kh8 40. Rc7 Ra2+ 41. Kh3 Rc2 42. g4 Rc3+ 43. Kh4 Rc2 44. Kg5 Rd2 45. Kh5 Rd5+ 46. g5 a4 47. Rxc4 a3 48. Ra4 Kg8 49. Rxa3 Kf7 50. Ra7+ Ke6 51. Kg6 1-0